| 000 | 00441nam a2200169 a 4500 | ||
|---|---|---|---|
| 001 | 0000-8861 | ||
| 003 | ELIB.Books | ||
| 008 | 110520 1969 | ||
| 035 | _a(ELIB.Books)0000-9007 | ||
| 082 |
_a268 _bRow |
||
| 100 | _aRowell, J. Cy | ||
| 245 | _aTo Be A Person | ||
| 260 |
_bValley Forge: American Baptist Board of Education _c1969 |
||
| 650 | _aChristian Education | ||
| 942 |
_2ddc _cBK |
||
| 998 |
_cbat _e2011-05-20 |
||
| 999 |
_c8861 _d8861 |
||